<?xml version="1.0" encoding="UTF-8"?>
<collection xmlns="http://www.loc.gov/MARC21/slim">
 <record>
  <leader>08803nam a2200313 a 4500</leader>
  <controlfield tag="001">1/49413</controlfield>
  <controlfield tag="008">200717s2020    gr       b    00110 gre  </controlfield>
  <datafield tag="020" ind1=" " ind2=" ">
   <subfield code="a">9789600235166</subfield>
  </datafield>
  <datafield tag="035" ind1=" " ind2=" ">
   <subfield code="l">52420</subfield>
  </datafield>
  <datafield tag="040" ind1=" " ind2=" ">
   <subfield code="a">GR-PeUP</subfield>
  </datafield>
  <datafield tag="082" ind1="0" ind2="0">
   <subfield code="a">339 COW ΜΤΦ</subfield>
  </datafield>
  <datafield tag="100" ind1="1" ind2=" ">
   <subfield code="a">Cowen, Tyler.</subfield>
  </datafield>
  <datafield tag="245" ind1="1" ind2="0">
   <subfield code="a">Σύγχρονες αρχές μακροοικονομικής /</subfield>
   <subfield code="c">Tyler Cowen, Alex Tabarrok ; επιστημονική επιμέλεια Νίκος Κουτσιάρας, Κυριάκος Φιλίνης ; επιμέλεια μετάφρασης Νίκος Κουτσιαράς ; μετάφραση Ανδριάννα Σακκά.</subfield>
  </datafield>
  <datafield tag="260" ind1="0" ind2=" ">
   <subfield code="a">Αθήνα :</subfield>
   <subfield code="b">Παπαζήσης,</subfield>
   <subfield code="c">2020.</subfield>
  </datafield>
  <datafield tag="300" ind1=" " ind2=" ">
   <subfield code="a">xxxviii, 608, 15, 19, 6, 5, 16, [4] σ. :</subfield>
   <subfield code="b">εικ., διαγρ., πίν. ;</subfield>
   <subfield code="c">29 εκ.</subfield>
  </datafield>
  <datafield tag="500" ind1=" " ind2=" ">
   <subfield code="a">Μετάφραση του: Modern principles of macroeconomics, 4th ed.</subfield>
  </datafield>
  <datafield tag="500" ind1=" " ind2=" ">
   <subfield code="a">Περιεχόμενα: Κεφάλαιο 1. Οι μεγάλες ιδέες -- Κεφάλαιο 2. Η δύναμη του εμπορίου -- Μέρος 1. Προσφορά και ζήτηση: Κεφάλαιο 3. Προσφορά και ζήτηση -- Κεφάλαιο 4. Ισορροπία: Πώς η προσφορά και η ζήτηση καθορίζουν τις τιμές -- Κεφάλαιο 5. Ανώτατα και κατώτατα όρια τιμών -- Μέρος 2. Οικονομική μεγένθυση: Κεφάλαιο 6. Το ΑΕΠ και η μέτρηση της προόδου -- Κεφάλαιο 7. Ο πλούτος των εθνών και η οικονομική μεγέθυνση -- Κεφάλαιο 8. Οικονομική μεγέθυνση, συσσώρευση κεφαλαίου και τα οικονομικά των ιδεών: μεγέθυνση προς τη σύγκλιση και μεγέθυνση στην αιχμή -- Κεφάλαιο 9. Αποταμίευση, επένδυση και χρηματοπιστωτικό σύστημα -- Κεφάλαιο 10. Αγορές μετοχών και προσωπική χρηματοοικονομική διαχείριση -- Μέρος 3. Οικονομικές διακυμάνσεις: Κεφάλαιο 11. Ανεργία και συμμετοχή στο εργατικό δυναμικό -- Κεφάλαιο 12. Ο πληθωρισμός και η ποσοτική θεωρία του χρήματος -- Κεφάλαιο 13. Οικονομικές διακυμάνσεις: συναθροιστική ζήτηση και συναθροιστική προσφορά -- Κεφάλαιο 14. Μηχανισμοί μετάδοσης και ενίσχυσης -- Μέρος 4. Μακροοικονομική πολιτική και θεσμοί: Κεφάλαιο 15. Η Ομοσπονδιακή Κεντρική Τράπεζα και οι πράξεις ανοικτής αγοράς -- Κεφάλαιο 16. Νομισματική πολιτική -- Κεφάλαιο 17. Ο ομοσπονδιακός προϋπολογισμός: φόροι και δαπάνες -- Κεφάλαιο 18. Δημοσιονομική πολιτική -- Μέρος 5. Διεθνής οικονομική: Κεφάλαιο 19. Διεθνές εμπόριο -- Κεφάλαιο 20. Διεθνής μακροοικονομική -- Κεφάλαιο 21. Πολιτική οικονομία και δημόσια επιλογή -- Παράρτημα Α -- Παράρτημα Β -- Γλωσσάρι -- Πηγές -- Ευρετήριο.</subfield>
  </datafield>
  <datafield tag="500" ind1=" " ind2=" ">
   <subfield code="a">Περίληψη: Κάνουμε οικονομικές συζητήσεις, χρησιμοποιούμε οικονομικά επιχειρήματα και σκεφτόμαστε με τρόπο οικονομικό κάθε μέρα. Χρησιμοποιούμε την οικονομική στη ζωή μας, όχι μόνο όταν επιλέγουμε εάν θα αναχρηματοδοτήσουμε ένα δάνειο, αλλά και όταν επιλέγουμε τις στρατηγικές που θα ακολουθήσουμε για την επιτυχία ενός προσωπικού ραντεβού ή του γάμου μας, για να είμαστε καλοί γονείς. Ναι, είμαστε πράγματι λίγο ιδιόρρυθμοι. Γι' αυτό θα προχωρήσουμε εδώ με μία προειδοποίηση. Εάν η σκέψη ότι μπορεί κι εσείς να γίνετε λίγο ιδιόρρυθμοι σας προκαλεί δισταγμό, Μην Διαβάσετε Αυτό Το Βιβλίο. Γιατί μόλις εκτεθείτε στον οικονομικό τρόπο σκέψης, δεν υπάρχει επιστροφή - θα δείτε τον κόσμο με άλλα μάτια και αυτό θα σας αλλάξει. Αξίζουν τον κόπο αυτά που θα διδαχθείτε εδώ; Αυτό θα το κρίνετε εσείς οι ίδιοι. Εμείς θεωρούμε την οικονομική κάτι το σημαντικό. Τη χρειαζόμαστε για να κάνουμε καλύτερες επενδύσεις, αλλά και καλύτερες επιλογές στη ζωή μας γενικότερα. Οι πολίτες μιας δημοκρατίας πρέπει να είναι σε θέση να αξιολογούν και να κρίνουν ζητήματα φορολογίας, ελλειμμάτων, εμπορίου, πολιτικής ιατρικής περίθαλψης και πληθωρισμού. Εσείς, αλήθεια, προτιμάτε να είσαστε αδαείς ή ευφυείς ψηφοφόροι; Ο οικονομικός τρόπος σκέψης θα σας βοηθήσει να κατανοήσετε ζητήματα της καθημερινότητας αλλά και να τα εξηγήσετε με αυτοπεποίθηση σε κάποιον τρίτο. Δεν θα σας πούμε ψέματα: Η οικονομική μπορεί να γίνει και δύσκολη. Βέβαια ελάχιστες γνώσεις που έχουν αξία κατακτώνται εύκολα και, προκειμένου να κατανοήσετε πραγματικά την οικονομική, θα χρειαστεί να εμπεδώσετε άριστα ορισμένα νέα εργαλεία και νέες ιδέες όπως οι καμπύλες προσφοράς και ζήτησης, η οριακή σκέψη και η ισορροπία. Εμείς, ωστόσο, καταβάλαμε ιδιαίτερες προσπάθειες, ώστε να αφαιρέσουμε από το βιβλίο όσο το δυνατόν περισσότερες λεπτολογίες και περιττές φρασεολογίες. Θα σας προσφέρουμε μόνο αυτά που έχουν πραγματική σημασία. Και παράλληλα θα το διασκεδάσουμε. Μην ξεχάσετε, τέλος, να ρίξετε μια ματιά στα βίντεο που μπορούν να σας βοηθήσουν με το περιεχόμενο των μαθημάτων και να σας ψυχαγωγήσουν ακόμη περισσότερο. Καλώς ορίσατε στον κόσμο της οικονομικής. (από το οπισθόφυλλο).</subfield>
  </datafield>
  <datafield tag="504" ind1=" " ind2=" ">
   <subfield code="a">Περιλαμβάνει βιβλιογραφικές παραπομπές και ευρετήριο.</subfield>
  </datafield>
  <datafield tag="650" ind1=" " ind2="4">
   <subfield code="a">Μακροοικονομική</subfield>
   <subfield code="x">Σπουδή και διδασκαλία.</subfield>
  </datafield>
  <datafield tag="650" ind1=" " ind2="4">
   <subfield code="a">Μακροοικονομική.</subfield>
  </datafield>
  <datafield tag="650" ind1=" " ind2="4">
   <subfield code="a">Macroeconomics.</subfield>
  </datafield>
  <datafield tag="650" ind1=" " ind2="4">
   <subfield code="a">Macroeconomics</subfield>
   <subfield code="x">Study and teaching.</subfield>
  </datafield>
  <datafield tag="700" ind1="1" ind2=" ">
   <subfield code="a">Tabarrok, Alexander.</subfield>
  </datafield>
  <datafield tag="700" ind1="1" ind2=" ">
   <subfield code="a">Κουτσιαράς, Νίκος.</subfield>
  </datafield>
  <datafield tag="700" ind1="1" ind2=" ">
   <subfield code="a">Φιλίνης, Κυριάκος.</subfield>
  </datafield>
  <datafield tag="700" ind1="1" ind2=" ">
   <subfield code="a">Σακκά, Ανδριάνα.</subfield>
  </datafield>
  <datafield tag="852" ind1=" " ind2=" ">
   <subfield code="a">INST</subfield>
   <subfield code="b">UNIPILB</subfield>
   <subfield code="c">MAIN</subfield>
   <subfield code="e">20200717</subfield>
   <subfield code="h">339 COW ΜΤΦ</subfield>
   <subfield code="p">00183408</subfield>
   <subfield code="q">00183408</subfield>
   <subfield code="t">LOAN</subfield>
   <subfield code="y">0</subfield>
   <subfield code="4">1</subfield>
  </datafield>
  <datafield tag="852" ind1=" " ind2=" ">
   <subfield code="a">INST</subfield>
   <subfield code="b">UNIPILB</subfield>
   <subfield code="c">MAIN</subfield>
   <subfield code="e">20200717</subfield>
   <subfield code="h">339 COW ΜΤΦ</subfield>
   <subfield code="p">00183409</subfield>
   <subfield code="q">00183409</subfield>
   <subfield code="t">LOAN</subfield>
   <subfield code="y">0</subfield>
   <subfield code="4">2</subfield>
  </datafield>
 </record>
</collection>
